00224nam a2200097 a 4500008004100000050001500041100001900056245003300075260000900108350000900117120416s1972 xx |||||||||||||| || u aTS 230 Asp aAspin, Terry B10aFoundarywork for the amateur c1972 a0.00